<?xml version="1.0" encoding="UTF-8"?>
<record
    xmlns:xsi="http://www.w3.org/2001/XMLSchema-instance"
    xsi:schemaLocation="http://www.loc.gov/MARC21/slim http://www.loc.gov/standards/marcxml/schema/MARC21slim.xsd"
    xmlns="http://www.loc.gov/MARC21/slim">

  <leader>02045nam a22001817a 4500</leader>
  <controlfield tag="005">20150518153934.0</controlfield>
  <controlfield tag="008">150518b        xxu||||| |||| 00| 0 eng d</controlfield>
  <datafield tag="040" ind1=" " ind2=" ">
    <subfield code="a">ANE</subfield>
  </datafield>
  <datafield tag="041" ind1=" " ind2=" ">
    <subfield code="a">Es</subfield>
  </datafield>
  <datafield tag="082" ind1=" " ind2=" ">
    <subfield code="a">TV-730</subfield>
  </datafield>
  <datafield tag="100" ind1=" " ind2=" ">
    <subfield code="a">Romo, Mar&#xED;a Paula</subfield>
    <subfield code="e">decana de la Facultad de Ciencias Sociales de la Universidad Internacional y ex asamble&#xED;sta constituyente</subfield>
  </datafield>
  <datafield tag="245" ind1=" " ind2=" ">
    <subfield code="a">&#x201C;No tengo grandes expectativas de que esto cambie, porque la composici&#xF3;n de la Asamblea no va a variar&#x201D;, dice Romo </subfield>
  </datafield>
  <datafield tag="260" ind1=" " ind2=" ">
    <subfield code="a">Quito</subfield>
    <subfield code="b">Telerama</subfield>
    <subfield code="c">2015-05-18</subfield>
  </datafield>
  <datafield tag="300" ind1=" " ind2=" ">
    <subfield code="a">p.</subfield>
  </datafield>
  <datafield tag="520" ind1=" " ind2=" ">
    <subfield code="a">Mar&#xED;a Paula Romo, decana de la Facultad de Ciencias Sociales de la Universidad Internacional y ex asamble&#xED;sta constituyente, dio su punto de vista sobre la reciente reelecci&#xF3;n de las autoridades de la Asamblea Nacional, que seguir&#xE1; encabezada por las 3 mujeres (Rivadeneira, Agui&#xF1;aga y Alvarado) por dos a&#xF1;os m&#xE1;s. Por un lado, para Romo es un gran avance el que ahora sean mujeres quienes presiden el Parlamento, pues se est&#xE1;n garantizando los derechos sin discriminaci&#xF3;n alguna, pero por el otro, &#x201C;esta Asamblea ser&#xE1; recordada por las reformas aprobadas que significan un retroceso para la naci&#xF3;n&#x201D;. Romo indic&#xF3; que el problema con la oposici&#xF3;n es que no se encuentra bien definida, por lo que no existe un acuerdo para llevar a cabo otros proyectos. &#x201C;Hay que tener una mirada m&#xE1;s atenta de lo que pasa en la Asamblea&#x201D;, concluy&#xF3;.


</subfield>
  </datafield>
  <datafield tag="650" ind1=" " ind2=" ">
    <subfield code="a">Criterios oposici&#xF3;n/decana Facultad Ciencias Sociales Universidad Internacional ex asamble&#xED;sta constituyente/asamblea Nacional/Alianza Pa&#xED;s/ex asamble&#xED;sta constituyente dio punto vista sobre reciente reelecci&#xF3;n autoridades asamblea Nacional/seguir&#xE1; encabezada por tres mujeres dos a&#xF1;os m&#xE1;s/para Romo gran avance mujeres presiden parlamento/garantizados derechos sin discriminaci&#xF3;n alguna/por otro lado/Asamblea ser&#xE1; recordada reformas aprobadas/significan retroceso naci&#xF3;n/problema oposici&#xF3;n no se encuentra bi&#xE9;n definida/no existe acuerdo llevar cabo otros proyectos/</subfield>
  </datafield>
  <datafield tag="942" ind1=" " ind2=" ">
    <subfield code="2">ddc</subfield>
    <subfield code="c">VM</subfield>
    <subfield code="z">IES.</subfield>
  </datafield>
  <datafield tag="999" ind1=" " ind2=" ">
    <subfield code="c">28808</subfield>
    <subfield code="d">28808</subfield>
  </datafield>
  <datafield tag="952" ind1=" " ind2=" ">
    <subfield code="0">0</subfield>
    <subfield code="1">0</subfield>
    <subfield code="2">ddc</subfield>
    <subfield code="4">0</subfield>
    <subfield code="7">0</subfield>
    <subfield code="a">AN01</subfield>
    <subfield code="b">AN01</subfield>
    <subfield code="d">2015-05-18</subfield>
    <subfield code="o">TV-730</subfield>
    <subfield code="p">TV-730</subfield>
    <subfield code="r">2015-05-18</subfield>
    <subfield code="w">2015-05-18</subfield>
    <subfield code="y">VM</subfield>
  </datafield>
</record>
